| 000 | 00644nam a2200241Ia 4500 | ||
|---|---|---|---|
| 003 | OSt | ||
| 005 | 20220918194021.0 | ||
| 006 | a|||||r|||| 00| 0 | ||
| 007 | ta | ||
| 008 | 220917b |||||||| |||| 00| 0 eng d | ||
| 024 | _a77,081 | ||
| 037 | _cTextual | ||
| 040 |
_aARTS _cARTS _beng |
||
| 041 |
_2eng _aeng |
||
| 082 | _aR85z7, M5 | ||
| 100 |
_aHacking Ian ed _983143 |
||
| 245 | 0 |
_aExercises in analysis _b essays by students of casimir lewy |
|
| 260 |
_aCambridge _bCUP _c1985 |
||
| 300 |
_axi,204p. _ccm. |
||
| 500 | _aBib 199-200p | ||
| 942 |
_hR85z7, M5 _cTEXL _2CC |
||
| 999 |
_c201141 _d201141 |
||